Hodnotenie využívania produkčnej kapacity vo vybranom podniku bakalárska práca

Saved in:
Bibliographic Details
Main Author: Majerová, Zdenka
Corporate Author: Fakulta podnikového manažmentu EU. Katedra podnikovohospodárska
Other Authors: Rybárová, Daniela, 1967-
Format: Book
Language:Slovak
Published: Bratislava 2018
Tags: Add Tag
No Tags, Be the first to tag this record!

MARC

LEADER 00000nbm a2200000 4500
001 0244790
005 20181009111937.7
041 0 |a slo 
044 |a SK 
245 1 0 |a Hodnotenie využívania produkčnej kapacity vo vybranom podniku  |b bakalárska práca  |c Zdenka Majerová ; školiteľ: Daniela Rybárová 
264 1 |a Bratislava  |c 2018 
300 |a 44 s. 
100 1 |a Majerová, Zdenka 
700 1 |a Rybárová, Daniela, 1967- 
710 2 |a Fakulta podnikového manažmentu EU. Katedra podnikovohospodárska